Zamestnanecké výhody vo výrobných podnikoch

Uložené v:
Podrobná bibliografia
Hlavný autor: Gontkovičová, Barbora, 1986-
Médium: Kapitola
Jazyk:Slovak
Predmet:
Tagy: Pridať tag
Žiadne tagy, Buďte prvý, kto otaguje tento záznam!

MARC

LEADER 00000naa$a2200000$$$4500
001 0243685
005 20240502073939.5
041 0 |a slo 
044 |a SK 
245 1 0 |a Zamestnanecké výhody vo výrobných podnikoch  |c Barbora Gontkovičová 
500 |a Abstrakt 
610 2 0 |a benefity 
610 2 0 |a zdroje ľudské 
610 2 0 |a zamestnanci 
610 2 0 |a zamestnávatelia 
100 1 |a Gontkovičová, Barbora, 1986-